000 00929nas a2200289 4500
001 BR2012001495
003 BR-BrBNA
005 20231205120236.0
007 ta
008 230509b bl.|||p| |||| 00| 00por d
040 _aBR-BrBNA
_bpor
_cBiblioteca Nacional de Agricultura
041 _a(Pt)
072 _aE40; E16
100 1 _aUriartt, A.H.
100 1 _aRamos, L.P.V.
100 1 _aIkuta, A.R.Y.
100 1 _aVaz, S.M.
245 1 _aFormação da organização de controle social - OCS - Porto Alegre/Viamão-RS: construindo novas relações de produção e consumo
650 _aCOOPERATIVA
650 _aFEIRA
650 _aECOLOGIA
650 _aPEQUENO PRODUTOR
650 _aSOCIOLOGIA RURAL
773 0 _tAgroecologia e Desenvolvimento Rural Sustentável (Brazil)
_xISSN 1519-1060
_g(Aug-Dec 2011), v. 4(1) p. 9-14
_wBR2012001495
909 _a202311
_bLúcia
_c55
_dLúcia Elande
942 _2AGRIS
_n0
_cANA
999 _c217580
_d217580